000 00443nam a22001457a 4500
008 231124b |||||||| |||| 00| 0 eng d
020 _a190468548x
050 _aRA645.3
_b.W55 2007
100 _aWillis, Richard J. B.
245 _aHome health care :
_bsimple measures for emergencies in the home/
_cRichard J. B. Willis
260 _aGrantham
_bStanborough Press
_c2009
300 _a105p.
700 _aWilby, John M.
942 _2lcc
_cBK
999 _c20413
_d20412